| 000 | 00892 a2200241 4500 | ||
|---|---|---|---|
| 999 |
_c200130287 _d30819 |
||
| 001 | 200130287 | ||
| 003 | TR-AnTOB | ||
| 005 | 20200302091732.0 | ||
| 008 | 130820s2009 tu 000 0 | ||
| 040 |
_aTR-AnTOB _cTR-AnTOB |
||
| 041 | _aeng | ||
| 050 | 0 | 0 |
_aQA76.73.B3 _bP75 2002 |
| 090 | _aQA76.73.B3 P75 2002 | ||
| 245 | 1 | 0 |
_aMicrosoft offical course : _b2349B Programming with the Microsoft .NET Framework (Microsoft Visual C# .NET) : Microsoft Official Course / _cMicrosoft Corporation. |
| 264 | 1 |
_a[Berkeley, CA] : _aNew York ;: _bDistributed to the book trade worldwide by Springer Science+Business Media, _cc2011. |
|
| 300 |
_axxiii, 638 p. : _bill. ; _c24 cm + _eCD |
||
| 504 | _aIncludes bibliographical references. | ||
| 630 | 0 | 0 |
_aMicrosoft.NET Framework _991203 |
| 650 | 0 |
_aC# (Computer program language) _9616 |
|
| 710 | 2 |
_aMicrosoft Corporation _991202 |
|
| 942 |
_cBK _2lcc |
||